L'evolution industrielle des Etats Unis / (Record no. 133826)

MARC details
000 -LEADER
campo de control de longitud fija 00840nam a2200229 i 4500
001 - NÚMERO DE CONTROL
campo de control 133826
003 - IDENTIFICADOR DE NÚMERO DE CONTROL
campo de control ES-MaACL
005 - FECHA Y HORA DE LA ÚLTIMA TRANSACCIÓN
campo de control 20250830225154.0
007 - CAMPO FIJO DE DESCRIPCIÓN FÍSICA--INFORMACIÓN GENERAL
campo de control de longitud fija t|
008 - DATOS DE LONGITUD FIJA--INFORMACIÓN GENERAL
campo de control de longitud fija 070830s1901 fr ||||1| fre d
100 1# - ENTRADA PRINCIPAL--NOMBRE DE PERSONA
Nombre de persona Wright, Carroll D.
9 (RLIN) 117401
245 11 - MENCIÓN DEL TÍTULO
Título L'evolution industrielle des Etats Unis /
Mención de responsabilidad, etc. par Carroll D. Wright ; traduit par F. Lepelletier ; avec une préface de E. Levasseur.
260 ## - PUBLICACIÓN, DISTRIBUCIÓN, ETC.
Lugar de publicación, distribución, etc. Paris :
Nombre del editor, distribuidor, etc. V. Giard & E. Brière,
Fecha de publicación, distribución, etc. 1901.
300 ## - DESCRIPCIÓN FÍSICA
Extensión XXIII, 380 p. ;
Dimensiones 23 cm.
490 1# - MENCIÓN DE SERIE
Mención de serie Bibliothèque internationale d'économie politique
651 #4 - PUNTO DE ACCESO ADICIONAL DE MATERIA--NOMBRE GEOGRÁFICO
Nombre geográfico Estados Unidos-
Subdivisión general Política económica
9 (RLIN) 8549
700 1# - ENTRADA AGREGADA--NOMBRE PERSONAL
Nombre de persona Lepelletier, F.
9 (RLIN) 71721
700 0# - ENTRADA AGREGADA--NOMBRE PERSONAL
Nombre de persona Levasseur, Emile.
9 (RLIN) 71915
830 00 - PUNTO DE ACCESO ADICIONAL DE SERIE-TÍTULO UNIFORME
Título uniforme Bibliothèque internationale d'économie politique
9 (RLIN) 181587
852 ## - LOCALIZACIÓN
Ubicación ES-MaACL
Número de control de estantería F-14136
Holdings
Estatus retirado Estado de pérdida Estado de daño No para préstamo Biblioteca de origen Biblioteca actual Ubicación en estantería Fecha de adquisición Fuente de adquisición Total de préstamos Signatura topográfica completa Código de barras Visto por última vez Precio de reemplazo Tipo de ítem Koha
        Biblioteca del Ateneo de Madrid Biblioteca del Ateneo de Madrid Sala Pecera Planta 2 17/01/2008     F-14136 1139308 23/02/2023 23/02/2023 Libro impreso antiguo